[Event "NLD-ch op"]
[Site "?"]
[Date "1994.??.??"]
[Round "?"]
[White "Wojtkiewicz, Aleksander"]
[Black "Petermann, Hubert"]
[Result "1-0"]
[WhiteElo "2560"]
[BlackElo "2240"]

1.Nf3 Nf6 2.c4 g6 3.g3 Bg7 4.Bg2 O-O 5.d4 d6 6.O-O Nc6 7.Nc3 e5 8.h3 exd4
9.Nxd4 Nxd4 10.Qxd4 Re8 11.Qh4 Nh5 12.Qxd8 Rxd8 13.Bg5 Bf6 14.Bd2 c6 15.Rfd1 Be6
16.Rac1 Rd7 17.b3 Bd8 18.g4 Nf6 19.Bf4 Ne8 20.Rd3 Bb6 21.Rcd1 Rad8 22.Na4 Bc7
23.e4 b6 24.Be3 b5 25.cxb5 cxb5 26.Nc3 a6 27.f4 f5 28.exf5 gxf5 29.g5 Bb8
30.Nd5 Ba7 31.Re1 Kf7 32.Nb4 Bxe3+ 33.Rdxe3 Ng7 34.Nc6 Re8 35.Rxe6 Nxe6 36.Bd5 Rc7
37.Nd4 Rce7 38.Nxf5  1-0

[Event "NLD-ch op"]
[Site "?"]
[Date "1994.??.??"]
[Round "?"]
[White "Ankerst, Mihael"]
[Black "Wojtkiewicz, Aleksander"]
[Result "1-0"]
[WhiteElo "2285"]
[BlackElo "2560"]

1.e4 c5 2.Nf3 d6 3.d4 cxd4 4.Nxd4 Nf6 5.Nc3 a6 6.Bc4 e6 7.Bb3 Nbd7 8.f4 Nc5
9.f5 Be7 10.Qf3 O-O 11.Be3 e5 12.Nde2 Nxb3 13.axb3 b5 14.g4 b4 15.Na4 d5
16.O-O-O Nxe4 17.Ng3 Nd6 18.f6 gxf6 19.Nf5 Bb7 20.Rhg1 d4 21.Qh3 dxe3 22.Rxd6 Qxd6
23.Qh6 Qd2+ 24.Kb1 Qxc2+ 25.Kxc2 Be4+ 26.Kd1 Rfd8+ 27.Ke2 Bf8 28.Qxe3 Bc6
29.g5 Bb5+ 30.Kf2 Rac8 31.gxf6+ Kh8 32.Rc1 Rxc1 33.Qxc1 e4 34.Qg5 Rd5 35.Qf4 Bd7
36.Ne7 Rb5 37.Qxe4 Rb8 38.Qf4  1-0

[Event "World op"]
[Site "Philadelphia"]
[Date "1994.??.??"]
[Round "?"]
[White "Fishbein, Alexander"]
[Black "Wojtkiewicz, Aleksander"]
[Result "1-0"]
[WhiteElo "2525"]
[BlackElo "2555"]

1.e4 c5 2.Nf3 d6 3.d4 cxd4 4.Nxd4 Nf6 5.Nc3 a6 6.Be2 e6 7.a4 Nc6 8.Be3 Be7
9.O-O O-O 10.f4 Re8 11.Kh1 Qc7 12.Bf3 Na5 13.Bg1 Nd7 14.Qe1 Bf8 15.Rd1 Rb8
16.Qg3 Nc6 17.h3 Nxd4 18.Bxd4 b6 19.e5 dxe5 20.fxe5 Bb7 21.Bxb7 Rxb7 22.Qf4 Nb8
23.Ne4 Qxc2 24.Bc3 b5 25.axb5 axb5 26.Rd2 Qa4 27.Rd4 Qa7 28.Nf6+ gxf6 29.Qxf6 Qxd4
30.Bxd4 Bg7 31.Qf3 Rd7 32.Qe4 Rc8 33.Be3 Rd5 34.Qg4 Rc4 35.Qh5 Rc7 36.Bh6 Bxe5
37.Re1 Bxb2 38.Qxd5  1-0

[Event "Reykjavik op"]
[Site "Reykjavik"]
[Date "1994.??.??"]
[Round "6"]
[White "Wojtkiewicz, Aleksander"]
[Black "Atalik, Suat"]
[Result "0-1"]
[WhiteElo "2560"]
[BlackElo "2530"]

1.Nf3 d5 2.d4 c6 3.c4 dxc4 4.e3 b5 5.a4 e6 6.axb5 cxb5 7.b3 Bb4+ 8.Bd2 Bxd2+
9.Nbxd2 a5 10.bxc4 b4 11.c5 Nf6 12.Bb5+ Bd7 13.Bxd7+ Nbxd7 14.Nc4 O-O 15.Ra4 Ne4
16.Qa1 Nc3 17.O-O Nxa4 18.Qxa4 Qc7 19.Nfd2 Nxc5 20.dxc5 Qxc5 21.Ra1 Rfd8
22.Qb3 h6 23.h3 Qf5 24.Kf1 Rd3 25.e4 Qf6 26.e5 Qd8 27.Qb2 Qd5 28.Rc1 Rd8
29.Ke2 Qxg2 30.Nd6 Qxh3 31.Qa2 Ra3 32.Qc4 Qh5+  0-1

[Event "Tilburg rapid20"]
[Site "Tilburg"]
[Date "1994.??.??"]
[Round "1"]
[White "Azmaiparashvili, Zurab"]
[Black "Wojtkiewicz, Aleksander"]
[Result "1-0"]
[WhiteElo "2625"]
[BlackElo "2560"]

1.d4 d5 2.c4 c6 3.Nf3 Nf6 4.Qc2 dxc4 5.Qxc4 Bf5 6.Nc3 e6 7.g3 Nbd7 8.Bg2 Be7
9.O-O O-O 10.Bg5 h6 11.Bxf6 Bxf6 12.e4 Bh7 13.Rad1 Rc8 14.Rfe1 Re8 15.Ne5 Qc7
16.Ng4 Be7 17.Ne3 a6 18.a4 a5 19.Re2 Bb4 20.Na2 Bf8 21.Rc1 Qb6 22.Rc3 Nf6
23.Rb3 Qa7 24.Nc3 Red8 25.Nc2 Nd7 26.Rd2 Nf6 27.Re2 Nd5 28.Rd2 Nb4 29.Ne3 e5
30.Bh3 b5 31.axb5 cxb5 32.Qe2 exd4 33.Bxc8 Rxc8 34.Nxb5 Qb7 35.Nxd4 Qxe4
36.Rc3 Re8 37.Rd1 Bg6 38.Qf3 Qe5 39.Qf4 Qh5 40.g4 Qh4 41.Ndf5 Qg5 42.Qxg5 hxg5
43.Rdc1 f6 44.Rc8 Re4 45.R1c7 Bxf5 46.Nxf5  1-0

[Event "Tilburg rapid20"]
[Site "Tilburg"]
[Date "1994.??.??"]
[Round "1"]
[White "Wojtkiewicz, Aleksander"]
[Black "Azmaiparashvili, Zurab"]
[Result "1/2-1/2"]
[WhiteElo "2560"]
[BlackElo "2625"]

1.d4 Nf6 2.Nf3 g6 3.g3 Bg7 4.Bg2 d5 5.c4 c6 6.cxd5 cxd5 7.Nc3 Ne4 8.O-O Nc6
9.e3 Nxc3 10.bxc3 O-O 11.Ba3 Re8 12.Nd2 Na5 13.Bb4 Nc6 14.Ba3 Na5 15.Bb4 Nc6
16.Ba3  1/2-1/2

[Event "Hoogovens-B"]
[Site "Wijk aan Zee"]
[Date "1994.??.??"]
[Round "1"]
[White "Reinderman, Dimitri"]
[Black "Wojtkiewicz, Aleksander"]
[Result "1/2-1/2"]
[WhiteElo "2430"]
[BlackElo "2560"]

1.e4 c5 2.Ne2 Nf6 3.Nbc3 d6 4.g3 Nc6 5.Bg2 g6 6.d4 cxd4 7.Nxd4 Nxd4 8.Qxd4 Bg7
9.O-O O-O 10.a4 Be6 11.Qb4 Qc7 12.a5 Nd7 13.Nd5 Bxd5 14.exd5 Qxc2 15.Bg5 Qxb2
16.Qxb2 Bxb2 17.Bxe7 Bxa1 18.Rxa1 Rfe8 19.Bxd6 Rac8 20.Bf4 Nc5 21.Be3 Kf8
22.Re1 Rxe3 23.Rxe3 Re8 24.Rc3 Re1+ 25.Bf1 b6 26.axb6 axb6 27.Kg2 Rd1 28.Bc4 Rd4
29.Kf3 Ke7 30.Rc2 Kd6 31.Ke3 Re4+ 32.Kd2 f5 33.f3 Rd4+ 34.Ke3 Rd1 35.Ra2 Rc1
36.Kd4 Rd1+ 37.Ke3 Rc1 38.Kd4 Rd1+ 39.Ke3  1/2-1/2

[Event "Hoogovens-B"]
[Site "Wijk aan Zee"]
[Date "1994.??.??"]
[Round "2"]
[White "Wojtkiewicz, Aleksander"]
[Black "Cifuentes Parada, Roberto"]
[Result "1/2-1/2"]
[WhiteElo "2560"]
[BlackElo "2500"]

1.Nf3 d5 2.d4 Nf6 3.c4 e6 4.g3 Nbd7 5.Bg2 c6 6.Qc2 Bd6 7.O-O O-O 8.Nc3 dxc4
9.Nd2 Nb6 10.Nce4 Be7 11.e3 e5 12.dxe5 Ng4 13.Nxc4 Nxc4 14.Qxc4  1/2-1/2

[Event "Hoogovens-B"]
[Site "Wijk aan Zee"]
[Date "1994.??.??"]
[Round "3"]
[White "Jonkman, Harmen"]
[Black "Wojtkiewicz, Aleksander"]
[Result "1/2-1/2"]
[WhiteElo "2340"]
[BlackElo "2560"]

1.e4 c5 2.c3 d5 3.exd5 Qxd5 4.d4 e6 5.Nf3 Nf6 6.Be3 cxd4 7.cxd4 Nc6 8.Nc3 Qd6
9.a3 Be7 10.Bd3 O-O 11.O-O b6 12.Qe2 Bb7 13.Rad1 Rfd8 14.Bg5 Rac8 15.Rfe1 g6
16.Bc4 Na5 17.Nb5 Bxf3 18.Qxf3 Qc6 19.d5 Qxc4 20.Bxf6 Bxf6 21.Qxf6 Qxb5 22.dxe6 Rf8
23.Rd7 Qc4 24.Rxf7 Rxf7 25.Qxf7+ Kh8 26.Qf6+ Kg8 27.Qf7+ Kh8 28.Qd7 Qc6 29.b4 Nb7
30.Qxc6 Rxc6 31.e7 Nd6 32.e8=Q+ Nxe8 33.Rxe8+ Kg7 34.g3 a5 35.bxa5 bxa5 36.Re5 a4
37.Re4 Ra6 38.Kg2 Kf6 39.Kf3 Kf5 40.Ke3 h6 41.Kd3 g5 42.h4 Kg6 43.hxg5 hxg5
44.Kc3 Kf5 45.f3 Ra8 46.Kb4 Kg6 47.f4 gxf4 48.Rxf4 Kg5 49.Rc4 Kf5 50.g4+ Kg5
51.Kb5 Kh4 52.Rxa4 Rb8+ 53.Kc4 Kxg4 54.Kd5+ Kf5 55.Ra7 Rd8+ 56.Kc6 Ke6 57.a4 Rd6+
58.Kb5 Rd5+ 59.Kb6 Rd6+ 60.Kc5 Rd5+ 61.Kc4 Rd1 62.Rh7 Kd6 63.Kb5 Rb1+ 64.Ka6 Kc6
65.a5 Ra1 66.Rh5 Kc7 67.Ka7 Rc1 68.Rh7+ Kc8 69.a6 Rb1 70.Rh5 Rc1 71.Kb6 Rb1+
72.Rb5 Rxb5+ 73.Kxb5  1/2-1/2

[Event "Hoogovens-B"]
[Site "Wijk aan Zee"]
[Date "1994.??.??"]
[Round "7"]
[White "Wojtkiewicz, Aleksander"]
[Black "Pliester, Leon"]
[Result "1-0"]
[WhiteElo "2560"]
[BlackElo "2395"]

1.d4 Nf6 2.Nf3 e6 3.c4 b6 4.g3 Bb4+ 5.Bd2 c5 6.Bg2 Bb7 7.O-O O-O 8.dxc5 Bxc5
9.Nc3 d5 10.Ne5 Be7 11.Rc1 Nbd7 12.Bf4 Rc8 13.cxd5 Nxe5 14.Bxe5 Nxd5 15.Nxd5 Bxd5
16.Rxc8 Qxc8 17.Bxd5 Rd8 18.Qa4 exd5 19.Qxa7 Bc5 20.b4 Rd7 21.Qa4 Bf8 22.Bd4 Rc7
23.Bxb6 Rc4 24.a3 h5 25.Qd1 Qe6 26.Bd4 h4 27.Qd3 Bd6 28.Rd1 Qg4 29.Kg2 hxg3
30.hxg3 Bc7 31.e3 Rc6 32.Rh1 Rg6 33.Qd1 Qe4+ 34.Qf3 Qc2 35.Rh3 Rg5 36.g4 Qg6
37.Rh4 Qc6 38.Rh5 Rg6 39.Qh3 Kf8 40.Rh8+ Ke7 41.Qf3 Qe6 42.Kh3 Rg5 43.Bc5+ Kd7
44.Qd1 Qc6 45.f4 Rg6 46.Qd3 Rh6+ 47.Rxh6 Qxh6+ 48.Kg2  1-0

[Event "Hoogovens-B"]
[Site "Wijk aan Zee"]
[Date "1994.??.??"]
[Round "8"]
[White "Schwartzman, Gabriel"]
[Black "Wojtkiewicz, Aleksander"]
[Result "1/2-1/2"]
[WhiteElo "2500"]
[BlackElo "2555"]

1.c4 c5 2.Nc3 Nc6 3.g3 g6 4.Bg2 Bg7 5.Nf3 d6 6.O-O Bd7 7.e3 Nf6 8.d4 a6 9.b3 Rb8
10.Bb2 O-O 11.Qe2 Bg4 12.dxc5 dxc5 13.h3 Bf5 14.Rfd1 Qc8 15.Kh2 Rd8 16.Nd5 Be4
17.Nxf6+ Bxf6 18.Bxf6 exf6 19.Ne1 Rxd1 20.Rxd1 Qe8 21.Bxe4 Qxe4 22.Rd5 Qe7
23.Qd1 Rd8 24.Nd3 Rxd5 25.cxd5 Nb8 26.Qd2 Qd6 27.e4 b6 28.Nb2 b5 29.Qa5 f5
30.a4 fxe4 31.axb5 Qxd5 32.bxa6 Qd4 33.Nd1 Nxa6 34.Qxa6 Qxd1 35.Qc8+ Kg7
36.Qxc5  1/2-1/2

[Event "Altensteig"]
[Site "Altensteig"]
[Date "1995.??.??"]
[Round "3"]
[White "Gabriel, Christian"]
[Black "Wojtkiewicz, Aleksander"]
[Result "1/2-1/2"]
[WhiteElo "2475"]
[BlackElo "2570"]

1.d4 d5 2.c4 c6 3.Nf3 Nf6 4.Nc3 dxc4 5.a4 Bf5 6.e3 e6 7.Bxc4 Nbd7 8.O-O Bb4
9.Qe2 Bg6 10.e4 O-O 11.Bd3 h6 12.h3 Re8 13.Ne5 Bh7 14.Kh1 a6 15.Rd1 Nxe5
16.dxe5 Nd7 17.Bc2 Qc7 18.f4 Rad8 19.Be3 f6 20.exf6 Nxf6 21.Rxd8 Qxd8 22.Qc4 Qe7
23.Bd4 Kh8 24.Rd1 Rd8 25.Kh2 Nd7 26.Bb6 Nxb6 27.Rxd8+ Qxd8 28.Qxb4 Qc7 29.Qf8+ Bg8
30.Ne2 Qf7 31.Qb8 Nc4 32.Ng3 Nxb2 33.f5 exf5 34.Nxf5 Nc4 35.Bb3 b5 36.Qd8 Qf6
37.Ne7 Qe6 38.e5 Qxe5+ 39.Kh1 Qe1+ 40.Kh2 Qe6 41.Qe8 Kh7 42.Bc2+ g6 43.Nxg8 Qxg8
44.Qxc6 Qf7 45.axb5 axb5 46.Qxb5 Qf4+ 47.Kh1 Qc1+ 48.Kh2 Qxc2 49.Qd7+  1/2-1/2

[Event "Altensteig"]
[Site "Altensteig"]
[Date "1995.??.??"]
[Round "6"]
[White "Wojtkiewicz, Aleksander"]
[Black "Bischoff, Klaus"]
[Result "1/2-1/2"]
[WhiteElo "2570"]
[BlackElo "2550"]

1.Nf3 g6 2.d4 Bg7 3.c4 c5 4.e4 cxd4 5.Nxd4 Nc6 6.Be3 Nf6 7.Nc3 O-O 8.Be2 d6
9.O-O Bd7 10.Qd2 Nxd4 11.Bxd4 Bc6 12.f3 a5 13.b3 Nd7 14.Be3 Nc5 15.Rab1 Qb6
16.Rfc1 Rfc8 17.Rc2 Qd8 18.Bf1 Be5 19.a3 Be8 20.b4 axb4 21.axb4 Na4 22.Ne2 Nb6  1/2-1/2

[Event "Altensteig"]
[Site "Altensteig"]
[Date "1995.??.??"]
[Round "8"]
[White "Hracek, Zbynek"]
[Black "Wojtkiewicz, Aleksander"]
[Result "1/2-1/2"]
[WhiteElo "2635"]
[BlackElo "2570"]

1.e4 c5 2.Nf3 d6 3.d4 cxd4 4.Nxd4 Nf6 5.Nc3 a6 6.Be2 e6 7.O-O Be7 8.f4 O-O
9.Kh1 Qc7 10.Qe1 b5 11.Bf3 Bb7 12.e5 Ne8 13.Qg3  1/2-1/2

[Event "Altensteig"]
[Site "Altensteig"]
[Date "1995.??.??"]
[Round "9"]
[White "Wojtkiewicz, Aleksander"]
[Black "Hickl, Joerg"]
[Result "1/2-1/2"]
[WhiteElo "2570"]
[BlackElo "2570"]

1.d4 d6 2.c4 e5 3.Nf3 Nd7 4.Nc3 c6 5.g3 Ngf6 6.Bg2 e4 7.Ng5 d5 8.cxd5 cxd5
9.Qb3 Nb6 10.O-O h6 11.Nh3 a5 12.f3 a4 13.Qc2 exf3 14.exf3 Be7 15.f4 O-O  1/2-1/2

[Event "Altensteig"]
[Site "Altensteig"]
[Date "1995.??.??"]
[Round "11"]
[White "Wojtkiewicz, Aleksander"]
[Black "Vogt, Lothar"]
[Result "1/2-1/2"]
[WhiteElo "2570"]
[BlackElo "2475"]

1.Nf3 Nf6 2.c4 g6 3.g3 Bg7 4.Bg2 O-O 5.d4 d6 6.O-O Nbd7 7.Nc3 e5 8.e4 a6
9.Re1 exd4 10.Nxd4 Ng4 11.f4 c6 12.h3 Qb6 13.Ne2 Ngf6 14.Qc2 Re8 15.Be3 c5
16.Nb3 Nxe4 17.Bxe4 Nf6 18.Nc3 Nxe4 19.Nxe4 Bf5 20.Bf2 Qc6 21.Nbd2 Bxh3 22.Re3 Re6
23.Rae1 Rae8 24.b3 h6 25.Kh2 Bf5 26.Qd3 Bd4 27.g4 Bxg4 28.Ng3 Bxe3 29.Rxe3 Rxe3
30.Bxe3 f5 31.a4 h5 32.Nh1 Bh3 33.Kxh3 Qxh1+ 34.Kg3 h4+ 35.Kf2 h3 36.Qf1 Qxf1+
37.Nxf1 b5 38.axb5 axb5 39.cxb5 Rb8 40.Kg3 Rxb5 41.Nd2 d5 42.Kxh3 c4 43.bxc4 dxc4
44.Kg3 c3 45.Nf3 c2 46.Nd4 Rc5 47.Ne2 Rd5 48.Kf2 Rd1 49.Nc1 Kf7 50.Ke2 Ke6
51.Bd2 Kd5 52.Kd3 Rxd2+ 53.Kxd2 Ke4 54.Nd3 c1=Q+ 55.Nxc1 Kxf4 56.Ke2 Kg3  1/2-1/2

[Event "Eupen op rapid"]
[Site "Eupen"]
[Date "1995.??.??"]
[Round "5"]
[White "Wojtkiewicz, Aleksander"]
[Black "Polaczek, Richard"]
[Result "1-0"]
[WhiteElo "2530"]
[BlackElo "2415"]

1.Nf3 Nf6 2.c4 e6 3.g3 b6 4.Bg2 Bb7 5.O-O Be7 6.Nc3 O-O 7.Re1 d5 8.cxd5 Nxd5
9.e4 Nxc3 10.bxc3 c5 11.d4 cxd4 12.cxd4 Nc6 13.Bb2 Bf6 14.Rb1 Na5 15.Bc3 Nc4
16.Qd3 Qc7 17.Rec1 Rac8 18.d5 Bxc3 19.Rxc3 exd5 20.exd5 Ba6 21.Rbc1 b5 22.Nd4 Qc5
23.a4 b4 24.R3c2 b3 25.Nxb3 Qb4 26.Rc3 Nb6 27.Qd4 Qxd4 28.Nxd4 Nxa4 29.Rxc8 Rxc8
30.Nc6 Kf8 31.d6 Nb6 32.Bh3  1-0

[Event "Eupen op rapid"]
[Site "Eupen"]
[Date "1995.??.??"]
[Round "7"]
[White "Wojtkiewicz, Aleksander"]
[Black "Morawietz, Dieter"]
[Result "1-0"]
[WhiteElo "2530"]
[BlackElo "2415"]

1.Nf3 Nf6 2.c4 e6 3.g3 b6 4.Bg2 Bb7 5.O-O Be7 6.Nc3 O-O 7.Re1 Bb4 8.Qc2 d6
9.d4 Bxc3 10.Qxc3 Nbd7 11.b3 Be4 12.Bb2 Qe7 13.Bf1 a5 14.Nd2 Bg6 15.e4 e5
16.Bg2 exd4 17.Qxd4 Rad8 18.f4 h6 19.Nb1 Rfe8 20.Nc3 Qf8 21.Nb5 Rc8 22.e5 Nh7
23.exd6 cxd6 24.Nxd6 Rxe1+ 25.Rxe1 Rd8 26.Nb7  1-0

[Event "Geneve op"]
[Site "Geneve"]
[Date "1995.??.??"]
[Round "6"]
[White "Wojtkiewicz, Aleksander"]
[Black "Weindl, Alfred"]
[Result "1-0"]
[WhiteElo "2530"]
[BlackElo "2385"]

1.Nf3 Nf6 2.c4 g6 3.g3 Bg7 4.Bg2 d6 5.d4 O-O 6.O-O Nbd7 7.Nc3 e5 8.e4 c6
9.Rb1 exd4 10.Nxd4 Re8 11.h3 a5 12.Re1 a4 13.Nxa4 d5 14.cxd5 cxd5 15.Nc3 dxe4
16.Ndb5 Nc5 17.Qxd8 Rxd8 18.Be3 Na4 19.Nxa4 Rxa4 20.Rbd1 Rxd1 21.Rxd1 Bd7
22.Nc3 Ra8 23.Nxe4 Bc6 24.Nc3 Ne8 25.Bxc6 bxc6 26.Bd4 Nc7 27.Bxg7 Kxg7 28.a3 Ne6
29.Rd6 c5 30.Rb6 Kf6 31.Kg2 h5 32.Rb7 h4 33.gxh4 Rh8  1-0

[Event "Geneve op"]
[Site "Geneve"]
[Date "1995.??.??"]
[Round "8"]
[White "Janjgava, Lasha"]
[Black "Wojtkiewicz, Aleksander"]
[Result "1/2-1/2"]
[WhiteElo "2500"]
[BlackElo "2530"]

1.Nf3 c5 2.c4 Nf6 3.Nc3 b6 4.d4 cxd4 5.Nxd4 Bb7 6.f3 d6 7.e4 e6 8.Be2 Be7
9.O-O O-O 10.Be3 a6 11.a4 Qc7 12.Qd2 Nc6 13.Nxc6 Bxc6 14.Rfc1 Qb7 15.Bf1 a5
16.Ne2 Nd7 17.Nd4 Nc5 18.Qd1 Bf6 19.Ra2 Rfd8 20.b3 Rac8 21.Rd2 Qe7 22.g3 Bb7
23.Bh3  1/2-1/2

[Event "Wichern op"]
[Site "Hamburg"]
[Date "1995.??.??"]
[Round "3"]
[White "Wojtkiewicz, Aleksander"]
[Black "Boe, Mads"]
[Result "1-0"]
[WhiteElo "2570"]
[BlackElo "2345"]

1.Nf3 e6 2.c4 f5 3.g3 Nf6 4.Bg2 d5 5.O-O c6 6.b3 Be7 7.Bb2 O-O 8.d3 a5 9.a3 Na6
10.Nbd2 Bd7 11.Qc2 Nc5 12.Bc3 b5 13.cxb5 cxb5 14.Rfc1 Rc8 15.Qb2 Qb6 16.Bd4 Qa6
17.Ne5 Rfd8 18.Rc2 Be8 19.Rac1 Nfd7 20.Nxd7 Nxd7 21.Bxg7 Rxc2 22.Rxc2 Qd6
23.Bc3 b4 24.axb4 axb4 25.Bd4 e5 26.Ba7 Bf7 27.Be3 d4 28.Rc6 Qb8 29.Bh6 Nb6
30.Nf3 Bd5 31.Nxd4 Bxg2 32.Nxf5 Kf7 33.Kxg2 Qb7 34.Nxe7 Kxe7 35.Qxe5+  1-0

[Event "Wichern op"]
[Site "Hamburg"]
[Date "1995.??.??"]
[Round "7"]
[White "Wojtkiewicz, Aleksander"]
[Black "Jansa, Vlastimil"]
[Result "1/2-1/2"]
[WhiteElo "2570"]
[BlackElo "2495"]

1.Nf3 g6 2.d4 Nf6 3.c4 Bg7 4.g3 O-O 5.Bg2 c6 6.Nc3 d6 7.O-O Bf5 8.Qb3 Qb6
9.Re1 Na6 10.e4 Bg4 11.Be3 Qxb3 12.axb3  1/2-1/2

[Event "Wichern op"]
[Site "Hamburg"]
[Date "1995.??.??"]
[Round "9"]
[White "Wojtkiewicz, Aleksander"]
[Black "Mueller, Karsten"]
[Result "0-1"]
[WhiteElo "2570"]
[BlackElo "2480"]

1.Nf3 d5 2.d4 c6 3.c4 Nf6 4.Qc2 g6 5.Bf4 Bg7 6.e3 O-O 7.Nc3 Be6 8.Qb3 Qb6
9.c5 Qxb3 10.axb3 Nbd7 11.b4 a6 12.h3 Ne4 13.Be2 Nxc3 14.bxc3 f6 15.g4 Rae8
16.Rg1 Bf7 17.Bc7 Rc8 18.Bh2 e5 19.g5 exd4 20.cxd4 Be6 21.h4 Bf5 22.Nd2 Rce8
23.Nb3 Rf7 24.Kd2 fxg5 25.hxg5 Be4 26.Raf1 Nf8 27.f3 Bf5 28.Bd6 Ne6 29.Nc1 Nxd4
30.exd4 Bxd4 31.Nb3 Be3+ 32.Kd1 Bh3 33.f4 Bxf1 34.Rxf1 Re4 35.Kc2 Bxf4 36.Bd3 Rxb4
37.Kc3 Ra4 38.Re1 Bxg5 39.Re8+ Kg7 40.Be5+ Bf6 41.Nd4 Bxe5 42.Rxe5 Ra3+ 43.Kd2 Rf2+
44.Ke3  0-1

[Event "Katowice op"]
[Site "Katowice"]
[Date "1995.??.??"]
[Round "1"]
[White "Wojtkiewicz, Aleksander"]
[Black "Spicak, Krzysztof"]
[Result "1-0"]
[WhiteElo "2530"]
[BlackElo "2175"]

1.Nf3 f5 2.g3 d6 3.d4 Nf6 4.Bg2 g6 5.b3 Bg7 6.Bb2 O-O 7.Nbd2 e5 8.dxe5 Ng4
9.O-O Nc6 10.Nc4 Ngxe5 11.Nfxe5 Nxe5 12.Nxe5 dxe5 13.Ba3 Re8 14.Bd5+ Kh8
15.Bf7 Bd7 16.Bxe8 Qxe8 17.Bb2 f4 18.Qd3 Bb5 19.c4 Bc6 20.gxf4 Rd8 21.Qe3 Rd7
22.Bxe5 Re7 23.Bxg7+ Kxg7 24.Qc3+ Kg8 25.Rae1 Re4 26.Qg3 Qf7 27.e3 Re6 28.f3 Qe7
29.Qg5 Rf6 30.Re2 Qe6 31.Qe5 Qf7 32.Rd2 Re6 33.Rd8+ Be8 34.Qd4 Qe7 35.e4 c5
36.Qd5 Kg7 37.Rd1 Bc6 38.Qg5  1-0

[Event "Katowice op"]
[Site "Katowice"]
[Date "1995.??.??"]
[Round "5"]
[White "Wojtkiewicz, Aleksander"]
[Black "Zhelnin, Vladimir V"]
[Result "1-0"]
[WhiteElo "2530"]
[BlackElo "2440"]

1.Nf3 Nf6 2.c4 g6 3.g3 Bg7 4.Bg2 O-O 5.d4 d6 6.O-O Nbd7 7.Nc3 e5 8.e4 c6
9.Rb1 a5 10.h3 Ne8 11.Re1 Nc7 12.Bg5 f6 13.Be3 Qe7 14.a3 f5 15.exf5 gxf5
16.c5 dxc5 17.dxe5 Ne6 18.Ne2 Nxe5 19.Nxe5 Bxe5 20.Nf4 Qd6 21.Qb3 a4 22.Qc4 Kh8
23.Rbd1 Nd4 24.Nd3 Bf6 25.Nxc5 b6 26.Nxa4 Be6 27.Rxd4 Bxc4 28.Rxd6 Rxa4 29.Bxc6 b5
30.Rxf6 Rxf6 31.Bd4 Kg7 32.Re7+ Kg6 33.Bxf6 Ra6 34.Be8+ Kxf6 35.Rxh7 Ra8
36.Bc6 Rc8 37.Rh6+ Ke5 38.Bf3 Rd8 39.Rb6 Rd2 40.b3 Bd3 41.a4 Rb2 42.axb5 Rxb3
43.Bc6 f4 44.g4 Rb1+ 45.Kh2 Be4 46.Bxe4 Kxe4 47.Kg2 f3+ 48.Kh2 Rf1 49.Re6+ Kf4
50.Rf6+ Ke4 51.Kg3 Rg1+ 52.Kh4 Rg2 53.g5 Rxf2 54.g6 Rb2 55.b6 f2 56.g7 Rxb6
57.Rxf2 Rg6 58.Rf7 Ke5 59.Kh5 Rg3 60.h4  1-0

[Event "Katowice op"]
[Site "Katowice"]
[Date "1995.??.??"]
[Round "6"]
[White "Markowski, Tomasz"]
[Black "Wojtkiewicz, Aleksander"]
[Result "1-0"]
[WhiteElo "2470"]
[BlackElo "2530"]

1.b3 Nf6 2.Bb2 g6 3.e3 Bg7 4.Nf3 c5 5.c4 Nc6 6.Be2 O-O 7.O-O b6 8.d3 Bb7
9.a3 e6 10.Nbd2 d5 11.Qb1 d4 12.exd4 Nxd4 13.Nxd4 cxd4 14.Re1 e5 15.Bf3 Bxf3
16.Nxf3 Nd7 17.b4 Rc8 18.Qd1 h6 19.Qa4 Qc7 20.Re2 f5 21.Rae1 Rf7 22.Qb5 Kh7
23.Qd5 Rf6 24.Nxd4 Rd6 25.Qf7 Rf8 26.Qe7 exd4 27.Re6 Rxe6 28.Rxe6 Rc8 29.Bxd4 Nf8
30.Be5  1-0

[Event "Katowice op"]
[Site "Katowice"]
[Date "1995.??.??"]
[Round "7"]
[White "Wojtkiewicz, Aleksander"]
[Black "Urban, Klaudiusz"]
[Result "1-0"]
[WhiteElo "2530"]
[BlackElo "2410"]

1.Nf3 d5 2.d4 e6 3.g3 c5 4.Bg2 Nc6 5.O-O cxd4 6.Nxd4 Bc5 7.Nb3 Bb6 8.c4 Nge7
9.Nc3 d4 10.c5 dxc3 11.cxb6 Qxb6 12.bxc3 O-O 13.Ba3 Rd8 14.Qc2 e5 15.Nc5 Qc7
16.Qa4 Nd5 17.e3 a6 18.Rad1 Nxc3 19.Rxd8+ Qxd8 20.Qb3 Nb5 21.Bb2 Qe7 22.Rc1 Na5
23.Qd5 Nc6 24.a4 Nba7 25.Qb3 Qc7 26.Bd5 h6 27.Ba3 Na5 28.Qd3 Qb6 29.Nxa6 Bg4
30.Bc5 Qb2 31.Rb1 Qe2 32.Qg6 Bh5 33.Bxf7+ Kh8 34.Qxh5 Qxa6 35.Qxe5 Qd3 36.Rf1 N7c6
37.Qd5 Qc2 38.Qh5 Qxa4 39.Bg6 Qc4 40.Bd6 Qe6 41.Bf4 Ne7 42.Bf7 Qf5 43.Qxf5 Nxf5
44.Rb1 Ne7 45.Bc7 Nec6 46.Rb5  1-0

[Event "Linares op"]
[Site "Linares"]
[Date "1995.??.??"]
[Round "?"]
[White "Luther, Thomas"]
[Black "Wojtkiewicz, Aleksander"]
[Result "1/2-1/2"]
[WhiteElo "2550"]
[BlackElo "2530"]

1.e4 c5 2.Nf3 d6 3.d4 cxd4 4.Nxd4 Nf6 5.Nc3 a6 6.Be3 e5 7.Nb3 Be6 8.Qd2 Nbd7
9.f3 Rc8 10.g4 Nb6 11.g5 Nh5 12.Nd5 Nxd5 13.exd5 Bf5 14.Bd3 Bxd3  1/2-1/2

[Event "Linares op"]
[Site "Linares"]
[Date "1995.??.??"]
[Round "?"]
[White "Wojtkiewicz, Aleksander"]
[Black "Zucchelli, Massimo"]
[Result "1-0"]
[WhiteElo "2530"]
[BlackElo "2215"]

1.Nf3 Nf6 2.c4 e6 3.g3 d5 4.d4 c6 5.Bg2 Bb4+ 6.Bd2 Qe7 7.O-O Nbd7 8.Qc2 Bxd2
9.Nbxd2 e5 10.cxd5 Nxd5 11.Nxe5 Nxe5 12.Bxd5 cxd5 13.dxe5 Qxe5 14.Qc5 Qxb2
15.Nb3 Qf6 16.Rac1 Bd7 17.Rfd1 Qb6 18.Qa3 Be6 19.e4 Rd8 20.exd5 Rxd5 21.Rxd5 Bxd5
22.Rc8+  1-0

[Event "Linares op"]
[Site "Linares"]
[Date "1995.??.??"]
[Round "?"]
[White "Leino, Jukka"]
[Black "Wojtkiewicz, Aleksander"]
[Result "0-1"]
[WhiteElo "2200"]
[BlackElo "2530"]

1.e4 c5 2.Nf3 d6 3.d4 cxd4 4.Nxd4 Nf6 5.Nc3 a6 6.f4 e6 7.Be2 Be7 8.O-O O-O
9.Bf3 Qc7 10.Kh1 Re8 11.Nce2 e5 12.Nb3 Be6 13.Ng3 Nc6 14.Nf5 Bxf5 15.exf5 d5
16.g3 Rad8 17.Bg2 Bd6 18.fxe5 Bxe5 19.Bf4 Bxf4 20.Rxf4 Ne5 21.Rf2 Neg4 22.Rd2 Ne3
23.Qc1 Nxf5 24.Qf1 Ne3 25.Qd3 Nc4 26.Rf2 Ng4 27.Rf5 g6 28.Rff1 Nce3 29.Rf3 Nxc2  0-1

[Event "POL-chT"]
[Site "Lubniewice"]
[Date "1995.??.??"]
[Round "2"]
[White "Wojtkiewicz, Aleksander"]
[Black "Ehrenfeucht, Wojciech"]
[Result "1/2-1/2"]
[WhiteElo "2570"]
[BlackElo "2305"]

1.Nf3 c5 2.c4 g6 3.e4 Bg7 4.d4 Qa5+ 5.Nc3 d6 6.d5 Bxc3+ 7.bxc3 Nf6 8.Qc2 Nxe4
9.Bd3 Nf6 10.O-O Bg4 11.Ng5 Nbd7 12.Rb1 Qa6 13.a3 Bf5 14.Bxf5 gxf5 15.Rb5 h6  1/2-1/2

[Event "POL-chT"]
[Site "Lubniewice"]
[Date "1995.??.??"]
[Round "3"]
[White "Bielczyk, Jacek"]
[Black "Wojtkiewicz, Aleksander"]
[Result "1/2-1/2"]
[WhiteElo "2345"]
[BlackElo "2570"]

1.e4 c5 2.Nf3 d6 3.d4 cxd4 4.Nxd4 Nf6 5.Nc3 a6 6.f4 e5 7.Nf3 Nbd7 8.a4 Be7
9.Bd3 O-O 10.O-O exf4 11.Kh1 Nh5 12.Nd4 Ndf6 13.Be2 g6 14.Nf5 Be6 15.Nxe7+ Qxe7
16.b3 Rac8 17.Qd4 Bg4 18.Nd5 Qe5 19.Qxe5 dxe5 20.Bxg4 Nxg4 21.Ne7+ Kg7 22.Nxc8 Rxc8
23.c4 Rd8 24.Kg1 Rd3 25.h3 Ne3 26.Bxe3 fxe3 27.Rae1 Nf4 28.Rf3 Rxb3 29.Rexe3 Rb4
30.Rb3 Rxa4 31.Rxb7 Rxc4 32.h4 Rc1+ 33.Rf1 Ne2+ 34.Kf2 Rxf1+ 35.Kxf1 Ng3+
36.Kf2 Nxe4+ 37.Kf3 Nd6 38.Ra7 h5 39.Rxa6 e4+ 40.Kf4 Nf5 41.g3 e3 42.Kf3 e2
43.Kxe2 Nxg3+ 44.Kf3 Nf5 45.Ra4 f6 46.Ra7+ Kh6 47.Ra4 Kh7 48.Ra7+ Kg8 49.Ra8+ Kf7
50.Ra7+ Ke6 51.Ra6+ Ke5 52.Ra5+ Ke6 53.Ra6+ Kf7 54.Ra7+ Kf8 55.Ra8+ Kg7 56.Ra7+ Kh6
57.Ra4 g5 58.hxg5+ fxg5 59.Ra6+ Kg7 60.Ra7+ Kf6 61.Ra6+ Ke5 62.Ra5+ Ke6 63.Ra6+ Nd6
64.Kg3  1/2-1/2

[Event "POL-chT"]
[Site "Lubniewice"]
[Date "1995.??.??"]
[Round "5"]
[White "Krasenkow, Michal"]
[Black "Wojtkiewicz, Aleksander"]
[Result "0-1"]
[WhiteElo "2590"]
[BlackElo "2570"]

1.d4 d5 2.c4 c6 3.Nc3 Nf6 4.e3 Bf5 5.cxd5 cxd5 6.Qb3 Bc8 7.Nf3 e6 8.Ne5 Be7
9.Bd3 O-O 10.O-O Nc6 11.f4 Nd7 12.Bd2 Ndxe5 13.fxe5 Bd7 14.Rf3 Nb4 15.Bb1 Rc8
16.a3 Nc6 17.Bd3 Na5 18.Qc2 g6 19.Raf1 a6 20.Be1 Nc4 21.Qf2 Be8 22.Rf6 Kh8
23.Qh4 Rg8 24.Qh6 Bf8 25.Qh3 Be7 26.Qh6 Bf8 27.Qh3 Be7 28.Nd1 Nd6 29.Bh4 Nf5
30.Bxf5 gxf5 31.Rh6 Bxh4 32.Rxh4 Rg7 33.Nc3 Bb5 34.Rff4 Bd3 35.Rh6 Qb6 36.Rfh4 f4
37.Rxf4 Rxc3  0-1

[Event "POL-chT"]
[Site "Lubniewice"]
[Date "1995.??.??"]
[Round "6"]
[White "Wojtkiewicz, Aleksander"]
[Black "Ivanov, Sergey"]
[Result "0-1"]
[WhiteElo "2570"]
[BlackElo "2545"]

1.Nf3 Nf6 2.c4 e6 3.g3 d5 4.d4 dxc4 5.Bg2 Nc6 6.Qa4 Bb4+ 7.Bd2 Nd5 8.Bxb4 Nxb4
9.O-O Rb8 10.Na3 O-O 11.Qb5 b6 12.Qxc4 Ba6 13.Nb5 Qd5 14.Qxd5 exd5 15.Nc3 Ne7
16.Rfd1 c5 17.Rac1 Rfd8 18.dxc5 bxc5 19.Rd2 g6 20.Na4 c4 21.Nc3 Bc8 22.Rcd1 Be6
23.Nd4 Kg7 24.h3 h5 25.a3 Na6 26.e4 Nc7 27.exd5 Ncxd5 28.Nxe6+ fxe6 29.Bxd5 Nxd5
30.Nxd5 exd5 31.Rxd5 Rxd5 32.Rxd5 Rxb2 33.Rd7+ Kf6 34.Rxa7 Ke5 35.Rc7 Kd4
36.Kg2 c3 37.Kf3 Ra2 38.Kf4 Rxa3 39.Kg5 Ra5+ 40.Kxg6 Rc5 41.Rd7+ Ke4 42.Rd1 Kf3
43.Rc1 c2 44.Kf7 Rc6 45.Kg7 Kxf2 46.g4 h4 47.g5 Ke3 48.g6 Kd2 49.Rxc2+ Rxc2
50.Kh7 Ke3 51.g7 Rg2  0-1